Ha estado en Cuba /

Shranjeno v:
Bibliografske podrobnosti
Glavni avtor: Rossi, Francisco
Format: Neznan
Jezik:Spanish
Teme:
Oznake: Označite
Brez oznak, prvi označite!

MARC

LEADER 000000000a22000000004500
001 002332
041 0 |a spa 
100 1 |a Rossi, Francisco 
245 1 0 |a Ha estado en Cuba /   |c Francisco Rossi. 
310 |a bimestral 
650 4 |a REVOLUCION CUBANA 
650 4 |a COLONIALISMO 
650 4 |a CUBA 
773 0 |x 008-7157  |d Cuba : Editorial Casa de las Américas  |t Casa de las Américas  |g número 51-52 (1968-1969), páginas 77 
942 |c ARC 
999 |c 9852  |d 9852